|
|
|
|
| LEADER |
00000nam2a2200000 4500 |
| 001 |
350905 |
| 005 |
20231102010341.0 |
| 035 |
|
|
|a (RuTPU)RU\TPU\retro\5285
|
| 090 |
|
|
|a 350905
|
| 100 |
|
|
|a 20190314d1966 k y0rusy50 ca
|
| 101 |
0 |
|
|a rus
|
| 102 |
|
|
|a RU
|
| 105 |
|
|
|a a z 001zy
|
| 200 |
0 |
|
|a Вып. 9 : Физико-химические исследования соединений редких тугоплавких элементов (Ti, V, Nb, Ta). Ч. 1 (Твердофазные процессы)
|f отв. ред. Д. И. Курбатов
|
| 210 |
|
|
|d 1966
|
| 215 |
|
|
|a 116 с.
|c ил.
|
| 320 |
|
|
|a Библиогр. в конце ст.
|
| 461 |
|
1 |
|0 (RuTPU)RU\TPU\retro\5248
|t Труды Института химии
|o [сборник трудов]
|f Академия наук СССР (АН СССР), Уральский филиал (УФ), Институт химии
|v Вып. 9 : Физико-химические исследования соединений редких тугоплавких элементов (Ti, V, Nb, Ta). Ч. 1 (Твердофазные процессы)
|d 1958-
|
| 606 |
1 |
|
|a Редкие элементы
|x Химический анализ
|2 stltpush
|3 (RuTPU)RU\TPU\subj\74976
|9 86883
|
| 610 |
1 |
|
|a фазовые особенности
|
| 610 |
1 |
|
|a структурные особенности
|
| 610 |
1 |
|
|a переходные металлы
|
| 610 |
1 |
|
|a электропроводность
|
| 610 |
1 |
|
|a кинетика
|
| 610 |
1 |
|
|a термодинамические расчеты
|
| 610 |
1 |
|
|a диаграммы состояния
|
| 675 |
|
|
|a 546.2/.9-022.251
|v 4
|
| 702 |
|
1 |
|a Курбатов
|b Д. И.
|4 340
|
| 801 |
|
1 |
|a RU
|b 63413507
|c 20190314
|
| 942 |
|
|
|c BK
|